Score 0/120 Timer 10:00
0 Plays Today
Lyric % Correct
The
95.1%
The
95.1%
the
95.1%
and
95.1%
the
95.1%
And
95.1%
a
95.1%
a
95.1%
the
95.1%
the
95.1%
and
95.1%
the
95.1%
the
95.1%
love
71.6%
he
70.3%
to
64.2%
to
64.2%
to
64.2%
to
64.2%
to
64.2%
is
63%
is
63%
in
60.8%
in
60.8%
be
57.3%
go
53.1%
when
46%
like
45.1%
man
44.9%
that
43.8%
time
43.6%
her
43.5%
her
43.5%
her
43.5%
her
43.5%
her
43.5%
her
43.5%
her
43.5%
her
43.5%
where
40.8%
Lyric % Correct
has
40.7%
are
40.2%
will
40.2%
will
40.2%
will
40.2%
with
38.8%
with
38.8%
his
38.6%
have
38.3%
there
37.8%
other
37.4%
other
37.4%
other
37.4%
other
37.4%
other
37.4%
other
37.4%
other
37.4%
woman
37.2%
woman
37.2%
woman
37.2%
woman
37.2%
woman
37.2%
woman
37.2%
woman
37.2%
never
35.2%
never
35.2%
never
35.2%
life
34.7%
nails
34.2%
old
34.2%
old
34.2%
But
33.6%
manicure
33%
by
32.5%
by
32.5%
call
30.9%
from
30.8%
keep
30.5%
cause
30.3%
hair
30.1%
Lyric % Correct
as
30%
seen
28.1%
comes
27.8%
queen
27.8%
she's
27.6%
always
27.6%
side
27.3%
alone,
27.3%
alone,
27.3%
alone.
27.3%
cry
27%
flowers
26.8%
waiting
26.8%
perfect
26.2%
curls
26.2%
finds
26.1%
room
25.7%
lonesome
25.6%
fails
25.1%
fresh
25.1%
sleep
25%
anywhere
24.8%
cut
24.6%
herself
24.6%
toys
24.5%
perfume
24.3%
keeps
24.3%
each
24.3%
such
24.2%
french
23.9%
everywhere
23.4%
years
23.4%
routine
23.2%
spend
23.2%
scatter
23.1%
change
23.1%
pin
22.4%
rival
21.8%
clothes
19.9%
enchants
19.5%
Remove Ads.
Support Sporcle.
Get the best of Sporcle when you Go Orange. This ad-free experience offers more features, more stats, and more fun while also helping to support Sporcle. Thank you for becoming a member.

You're not logged in!

Compare scores with friends on all Sporcle quizzes.
OR
Log In

Show Comments

Extras

Top Quizzes Today


Score Distribution

Your Account Isn't Verified!

In order to create a playlist on Sporcle, you need to verify the email address you used during registration. Go to your Sporcle Settings to finish the process.

Report this User

Report this user for behavior that violates our Community Guidelines.

Details: